000 00729cam a22002533a 4500
001 7491
003 PGUSA
005 20140828083145.0
008 050201s2005||||xxu|||||s|||||000 | eng d
040 _aPGUSA
_beng
042 _adc
050 4 _aPA
100 1 _aCicero, Marcus Tullius,
_d-106--43
245 1 0 _aDe Amicitia, Scipio's Dream
_h[electronic resource] /
_cMarcus Tullius Cicero
260 _bProject Gutenberg,
_c2005
506 _aPublic domain in the USA.
516 _aElectronic text
653 _aNeoplatonism
653 _aFriendship
700 1 _aPeabody, Andrew P.
_q(Andrew Preston),
_d1811-1893
830 0 _aProject Gutenberg
_v7491
856 4 0 _uhttp://www.gutenberg.org/ebooks/7491
942 _cEB
999 _c236811
_d236811